000 00736nam a2200265Ia 4500
003 OSt
005 20221006150528.0
006 a|||||r|||| 00| 0
007 ta
008 221006b |||||||| |||| 00| 0 jpn d
020 _c¥2000
024 _a18,941
037 _bGift, Japan Foundation
_cTextual
040 _aEASL
_cEASL
_bjpn
041 _2jpn
_ajpn
082 _aQ457.N1, L4
100 _aMATSUNAGA Shozo Ed.
_9656923
245 0 _aNakae Chomin shu
260 _aTokyo
_bChikuma Shobo Japan
_c1974
300 _a459p.
_ccm.
490 _v JL
_aKindai nihon shiso taikei 3
650 _aJL
942 _hQ457.N1, L4
_cTEXL
_2CC
999 _c1087027
_d1087027